000 004800000a22001810004500
020 _a0-310-52511-X
041 0 _aENG
082 0 4 _aG 268.432 L9891z
100 1 _aLynn, David
245 1 0 _aZingers : 25 Real-life character builders / David and Kathy Lynn
260 _aGrand Rapids, MI., USA : Zondervan
300 _a64 Pag
001 7981
942 _cBK
999 _c38180
_d38180
336 _atexto
_btxt
_2rdacontent
337 _2rdamedia
_asin mediación
_bn
338 _2rdacarrier
_avolumen
_bnc